| 000 | 00465nam a2200169 i 4500 | ||
|---|---|---|---|
| 001 | 84967 | ||
| 003 | ES-MaACL | ||
| 005 | 20230906175144.0 | ||
| 007 | t| | ||
| 008 | 041124s1964 sp ||||1| spa d | ||
| 100 | 1 |
_aLópez Amat, A. _973398 |
|
| 245 | 1 | 0 |
_aJesucristo _b: biografía en mosaico / _cA. López Amat, F. Prat. |
| 260 |
_aMadrid : _bRazón y Fé, _c1964. |
||
| 300 | _aXIV, 502 p. | ||
| 700 | 1 |
_aPrat, F. _993660 |
|
| 852 |
_aES-MaACL _jC-26329 _bR.55460 |
||
| 999 |
_c84967 _d84967 |
||